000 01616nam a22003734a 4500
001 ebr10288128
003 CaPaEBR
006 m u
007 cr cn|||||||||
008 080416s2009 nyua sb 001 0 eng
010 _z 2008017421
016 7 _z101471523
_2DNLM
020 _z9781932603330 (pbk. : alk. paper)
020 _z1932603336 (pbk. : alk. paper)
040 _aCaPaEBR
_cCaPaEBR
035 _a(OCoLC)327887620
050 1 4 _aRC406.P3
_bK37 2009eb
082 0 4 _a616.8/42
_222
100 1 _aKarp, Gary,
_d1955-
245 1 0 _aLife on wheels
_h[electronic resource] :
_bthe A to Z guide to living fully with mobility issues /
_cGary Karp.
250 _a2nd ed.
260 _aNew York, NY :
_bDemos Health ;
_a[Berkeley, Calif.] :
_bDistributed by Publishers Group West,
_cc2009.
300 _axvii, 477 p. :
_bill.
504 _aIncludes bibliographical references and index.
505 0 _aRehabilitation -- Healthy disability -- The experience of disability -- Wheelchair selection -- Intimacy, sex, and babies -- Spinal cord research -- Home access -- Getting out there.
533 _aElectronic reproduction.
_bPalo Alto, Calif. :
_cebrary,
_d2013.
_nAvailable via World Wide Web.
_nAccess may be limited to ebrary affiliated libraries.
650 0 _aParaplegia
_vPopular works.
650 0 _aParaplegics
_xCare.
650 0 _aWheelchairs.
650 0 _aParalysis
_vPopular works.
655 7 _aElectronic books.
_2local
710 2 _aebrary, Inc.
856 4 0 _uhttp://site.ebrary.com/lib/rucke/Doc?id=10288128
_zAn electronic book accessible through the World Wide Web; click to view
999 _c916
_d916